000 00306nam a2200121Ia 4500
008 191201s2005 xx 000 0 und d
100 _aHANDA, D
245 0 _aMechanical Engineering (Objective Type)
260 _aN.Delhi
_bSatya Prakashan
_c2005
300 _a1416
650 _aB.Tech(ME)
942 _2ddc
_cBK
999 _c2362
_d2362